000 00612nam a22001817a 4500
999 _c58294
_d58294
005 20211027123443.0
008 211027s2007 enk||||| |||| 00| 0 rus d
020 _a9788776871062
041 _arus
080 _a159.964 X-12
100 _aХаббард, Рональд Лафайет.
_912701
245 _aДианетика :
_bПервоначальные тезисы /
_cЛ. Рон Хаббард.
264 _aМ. :
_b"Нью Эра",
_c2007.
300 _a277 с. :
_bил. ;
_c25 см.
653 _aდიანეტიკა.
653 _aსაენტოლოგია.
942 _2udc
_cBK